| 000 | 01208nam0a2200349 4500 | ||
|---|---|---|---|
| 001 | RU\NLR\BIBL_A\022677308 | ||
| 005 | 20260204145329.0 | ||
| 010 |
_a978-5-04-205718-2 _91500 |
||
| 021 |
_aRU _bКН-П-25-063879 _9КН-П-25-6189 |
||
| 035 | _a(NLR Aleph) 022677308 | ||
| 090 |
_a13544108 _c13544108 |
||
| 100 | _a20251202d2025 u y0rusy50 ca | ||
| 101 | 0 | _arus | |
| 102 | _aRU | ||
| 105 | _ay z 000ay | ||
| 181 | 0 |
_ai _b xxe |
|
| 182 | 0 | _an | |
| 200 | 1 |
_aЯ еду домой! _eроман _fАндрей Круз |
|
| 203 |
_aТекст _bвизуальный _cнепосредственный |
||
| 210 |
_aМосква _cЭксмо _d2025 |
||
| 215 |
_a477, [1] с. _d21 |
||
| 225 | 1 | _aБоевая фантастика Андрея Круза | |
| 311 | _aВходит в цикл Вселенной "Эпохи мёртвых" | ||
| 333 | _a16+ | ||
| 488 | 0 | _12001#$aЦикл Вселенной "Эпохи мёртвых" | |
| 686 | 2 | _aШ6(2=Р)8-445 | |
| 700 | 1 |
_aКруз _bА. _f1964- _gАндрей _3RU\NLR\AUTH\770157727 |
|
| 942 | _cBOOK | ||
| 980 | _aNB | ||